书目信息 |
| 题名: |
身边的经济学
|
|
| 作者: | 郑友林 著 | |
| 分册: | ||
| 出版信息: | 北京 中国市场出版社 2006.04 |
|
| 页数: | 264页 | |
| 开本: | 21cm | |
| 丛书名: | ||
| 单 册: | ||
| 中图分类: | F0 | |
| 科图分类: | ||
| 主题词: | 经济学--通俗读物 , 经济学 | |
| 电子资源: | ||
| ISBN: | 7-80155-997-5 | |
| 000 | 00743nam0 2200229 450 | |
| 001 | 003169771 | |
| 005 | 20060801093042.0 | |
| 010 | @a7-80155-997-5@dCNY24.00 | |
| 100 | @a20100913d2006 em y0chiy0110 ea | |
| 101 | 0 | @achi |
| 102 | @aCN@b110000 | |
| 105 | @ay z 000yy | |
| 200 | 1 | @a身边的经济学@Ashen bian de jing ji xue@f郑友林著 |
| 210 | @a北京@c中国市场出版社@d2006.04 | |
| 215 | @a264页@d21cm | |
| 330 | @a本书用通俗易懂的语言向读者介绍身边的一些现象与经济学的解释,内容包括:时间就是金钱、从分工到专业化、学习型国家有前途、诺基亚故乡的秘密、该不该给穷人提供贷款等。 | |
| 606 | 0 | @a经济学@j通俗读物 |
| 606 | 0 | @a经济学 |
| 690 | @aF0@v5 | |
| 701 | 0 | @a郑友林@Azheng you lin@4著 |
| 905 | @aBZT@dF0@e131 | |
| 906 | @dCNY24.00@n0@r1 | |
| 身边的经济学/郑友林著.-北京:中国市场出版社,2006.04 |
| 264页;21cm |
| ISBN 7-80155-997-5:CNY24.00 |
| 本书用通俗易懂的语言向读者介绍身边的一些现象与经济学的解释,内容包括:时间就是金钱、从分工到专业化、学习型国家有前途、诺基亚故乡的秘密、该不该给穷人提供贷款等。 |
| ● |
| 相关链接 |
|
|
|
正题名:身边的经济学
索取号:F0/131
 
预约/预借
| 序号 | 登录号 | 条形码 | 馆藏地/架位号 | 状态 | 备注 |
| 1 | 764118 | 2000764118 | 中心书库北库/ 北库005架B面1列4层45/ [索取号:F0/131] | 在馆 | |
| 2 | 764119 | 2000764119 | 中心书库北库/ 北库005架B面1列4层46/ [索取号:F0/131] | 在馆 | |
| 3 | 764120 | 2000764120 | 中心书库北库/ 北库005架B面1列4层47/ [索取号:F0/131] | 在馆 | |
| 4 | 764121 | 2000764121 | 中心书库北库/ 北库005架B面1列4层48/ [索取号:F0/131] | 在馆 | |
| 5 | 764122 | 2000764122 | 中心书库北库/ 北库005架B面1列4层50/ [索取号:F0/131] | 在馆 | |
| 6 | 764123 | 2000764123 | 中心书库北库/ 北库005架B面1列4层54/ [索取号:F0/131] | 在馆 | |
| 7 | 764124 | 2000764124 | 中心书库北库/ 北库005架B面1列4层49/ [索取号:F0/131] | 在馆 | |
| 8 | 764125 | 2000764125 | 中心书库北库/ 北库005架B面1列4层51/ [索取号:F0/131] | 在馆 | |
| 9 | 764126 | 2000764126 | 中心书库北库/ 北库005架B面1列4层52/ [索取号:F0/131] | 在馆 | |
| 10 | 764127 | 2000764127 | 中心书库北库/ 北库005架B面1列4层53/ [索取号:F0/131] | 在馆 |